| 000 | 00804nam a2200229 i 4500 | ||
|---|---|---|---|
| 001 | 58924 | ||
| 003 | ES-MaACL | ||
| 005 | 20250731043631.0 | ||
| 007 | t| | ||
| 008 | 031024s1982 sp ||||1| spa d | ||
| 020 | _a84-7214-258-2 | ||
| 245 | 0 | 0 |
_aEconomía española _b: 1960-1980 : crecimiento y cambio estructural / _cJ.A. Martínez Serrano ... [et al.] ; prólogo de J.L. García Delgado. |
| 250 | _a1ª ed. | ||
| 260 |
_a[Madrid] : _bHermann Blume, _c1982. |
||
| 300 |
_a384 p. ; _c21 cm. |
||
| 651 | 4 |
_aEspaña- _xSituación económica- _y1955-1975. _9171815 |
|
| 651 | 4 |
_aEspaña- _xSituación económica- _y1975-1982 _98503 |
|
| 700 | 1 |
_aMartínez Serrano, José A. _978425 |
|
| 700 | 1 |
_aGarcía Delgado, José Luis. _954528 |
|
| 852 |
_aES-MaACL _jL-4161 |
||
| 999 |
_c58924 _d58924 |
||